000 00419nam a2200181Ia 4500
001 3513
005 20260306145649.0
008 260306t2012||||xx |||||||||||||| ||spa||
041 _aESP
082 _a282.8
_bN74E
100 _aNewman, John Henry
_eAUT
245 0 _aSermones parroquiales / 2
260 _c2012
300 _a356 páginas :
_c23 cm.
650 _aGEN
654 _aCHU
942 _cLIB
_dJUS
_fJUS
_2ddc
_n
999 _c3513
_d3513